Cognitive Age and Its Relevance to Targeting Seniors
Vysvetlenie prijatia kognitívneho veku v marketingových stratégiách. Demonštrácia dôležitosti merania kognitívneho veku pri zameraní sa na seniorov v rámci reklamných kampaní. Preukázanie vplyvu kognitívneho veku na postoje a správanie v marketingovej komunikácii. Analýza vplyvu seba-vnímaného veku...
Uložené v:
| Hlavný autor: | |
|---|---|
| Médium: | Kapitola |
| Jazyk: | English |
| Predmet: | |
| Tagy: |
Žiadne tagy, Buďte prvý, kto otaguje tento záznam!
|
MARC
| LEADER | 00000naa$a2200000$$$4500 | ||
|---|---|---|---|
| 001 | 0258632 | ||
| 005 | 20240502083735.5 | ||
| 041 | 0 | |a eng | |
| 044 | |a CZ | ||
| 245 | 1 | 0 | |a Cognitive Age and Its Relevance to Targeting Seniors |c Dagmar Lesáková |
| 520 | |a Vysvetlenie prijatia kognitívneho veku v marketingových stratégiách. Demonštrácia dôležitosti merania kognitívneho veku pri zameraní sa na seniorov v rámci reklamných kampaní. Preukázanie vplyvu kognitívneho veku na postoje a správanie v marketingovej komunikácii. Analýza vplyvu seba-vnímaného veku na spotrebiteľské správanie pri novej značke a vyhľadávaní informácií. | ||
| 610 | 2 | 0 | |a vedy kognitívne |
| 610 | 2 | 0 | |a seniori |
| 610 | 2 | 0 | |a segmentácia trhu |
| 610 | 2 | 0 | |a stratégia marketingová |
| 610 | 2 | 0 | |a kampane reklamné |
| 610 | 2 | 0 | |a správanie spotrebiteľa |
| 610 | 2 | 0 | |a komunikácia marketingová |
| 100 | 1 | |a Lesáková, Dagmar, 1949- | |